[Event "Hyderabad Pearl City op"]
[Site "Hyderabad"]
[Date "2019.09.07"]
[Round "3"]
[White "Dhulipalla, Bala Chandra Prasad"]
[Black "Sibi, Srinivas Eistein Re"]
[Result "1-0"]
[WhiteElo "2422"]
[BlackElo "1751"]
[PlyCount "73"]
[EventDate "2019.09.06"]
[EventType "swiss"]
[EventRounds "11"]
[EventCountry "IND"]
[SourceTitle "EXT 2020"]
[Source "ChessBase"]
[SourceDate "2019.10.17"]
[SourceVersion "1"]
[SourceVersionDate "2019.10.17"]
[SourceQuality "1"]

1. Nf3 Nf6 2. g3 g6 3. Bg2 Bg7 4. 0-0 0-0 5. d4 d6 6. c4 Nc6 7. Nc3 a6 8. b3 Bf5 9. Bb2 Ne4 10. Nd5 g5 11. Nd2 Nxd2 12. Qxd2 e6 13. Ne3 Bg6 14. d5 exd5 15. Bxg7 Kxg7 16. cxd5 Ne7 17. Rac1 Rc8 18. Qc3+ f6 19. Bh3 c5 20. Bxc8 Qxc8 21. b4 b6 22. a4 Qa8 23. Rfd1 Rc8 24. bxc5 Rxc5 25. Qb2 Qa7 26. Rxc5 bxc5 27. a5 Qd7 28. Qb6 f5 29. Qxa6 f4 30. Nc4 fxg3 31. hxg3 Nf5 32. Rb1 Kh6 33. Rb7 Qe8 34. Nxd6 Nxd6 35. Qxd6 Qxe2 36. Qe6 Qd1+ 37. Kh2 1-0

[Event "IND-ch U13"]
[Site "Gujarath"]
[Date "2016.07.22"]
[Round "1"]
[White "Sibi, Srinivas Eistein Re"]
[Black "Doshi, Moksh Amitbhai"]
[Result "0-1"]
[WhiteElo "1314"]
[BlackElo "1998"]
[PlyCount "76"]
[EventDate "2016.07.22"]
[EventType "swiss"]
[EventRounds "11"]
[EventCountry "IND"]
[SourceTitle "EXT 2017"]
[Source "ChessBase"]
[SourceDate "2016.10.25"]
[SourceVersion "1"]
[SourceVersionDate "2016.10.25"]
[SourceQuality "1"]

1. d4 d5 2. c4 c6 3. Nf3 e6 4. e3 Nf6 5. Nc3 Nbd7 6. Qc2 Bd6 7. b3 0-0 8. Bd3 b6 9. 0-0 Bb7 10. Bb2 Qe7 11. e4 dxe4 12. Nxe4 Nxe4 13. Bxe4 Nf6 14. Bd3 h6 15. Qe2 Rad8 16. Rad1 Rfe8 17. Ne5 Qc7 18. Rfe1 a5 19. h3 Bb4 20. Rf1 Bf8 21. Ng4 Nd7 22. Ne5 c5 23. Be4 Bxe4 24. Qxe4 Nf6 25. Qe2 cxd4 26. Bxd4 Bc5 27. Bxc5 Qxc5 28. Nf3 Rc8 29. Rd2 e5 30. Rfd1 e4 31. Nd4 Re5 32. Qe3 Rg5 33. Nc2 Qf5 34. Qc3 Nh5 35. Rd5 Qg6 36. Rxg5 hxg5 37. Rd4 Re8 38. Rd5 Nf4 0-1